01072nam a2200229Ia 4500008004100000020001800041022001300059040001300072082001800085100002100103245011100124260004900235300003200284500013900316650004800455650005400503650005500557650004800612650005400660650005500714710007300769191130s1990##################000#0#eng## a9780521360227 a89015826 aACLcACL a327.47063 PAT aPatman, Robert G aThe Soviet Union in the horn of Africa : the diplomacy of intervention and disengagementcRobert G. Patman aCambridgebCambridge University Presscc1990 axvii, 411 p. : maps ; 24 cm aRevision of the author's thesis (Ph. D.)--University of Southhampton, 1986. Includes bibliographical references (p. 375-396) and index aEthiopia - Foreign relations - Soviet Union aHorn of Africa - Foreign relations - Soviet Union aHorn of Africa - Military relations - Soviet Union aSoviet Union - Foreign relations - Ethiopia aSoviet Union - Foreign relations - Horn of Africa aSoviet Union - Military relations - Horn of Africa aThomas Leiper Kane Collection (Library of Congress. Hebraic Section)